| 000 | 00500nam a22001817a 4500 | ||
|---|---|---|---|
| 005 | 20251108171044.0 | ||
| 008 | 250721s1990 xx 000 0 ara d | ||
| 082 | 1 | 4 | _a613.434/غند |
| 100 | 1 | _aغندور، فادي | |
| 245 | 1 | 0 | _aنافذة على حياة المسنين / |
| 264 | 1 |
_aبيروت : _bدار العربية للعلوم، _c1990. |
|
| 300 | _a87ص | ||
| 650 | 1 | 7 | _aالشيخوخة |
| 650 | 1 | 7 | _aالصحة |
| 650 | 1 | 7 | _aالتغذية |
| 942 |
_2ddc _cBK |
||
| 999 |
_c55436 _d55436 |
||